• 首页
  • 本馆介绍
  • 公告通知
  • 最新文献
  • 馆藏检索
  • 电子资源
  • 读者导购
  • 参考咨询
  • 我的图书馆
  • 登录
  • 详细信息显示
  • 放入我的书架
  • 预约/预借图书
  • 作者相关作品
  • 分类相关作品
  • 丛书相关作品
  • 出版社相关作品

书目信息

  • 表格格式
  • 工作单格式
  • 卡片格式
题名:
超精致的黑白手绘基础教程
    
 
作者: 付喜多 编著
分册:   花鸟绘
出版信息: 北京   电子工业出版社  2020.4
页数: 188页
开本: 21cm
丛书名:
单 册:
中图分类: J219
科图分类:
主题词: 黑白画--花鸟画--绘画技法
电子资源:
ISBN: 978-7-121-38665-7
000 00764nam 2200241 45
001 490187
005 20140817205356.0
010    @a978-7-121-38665-7@dCNY69.00
099    @aCAL 012020186962
100    @a20200528d2020 em y0chiy0110 ea
101 0  @achi
102    @aCN@b110000
105    @aa z 000yy
106    @ar
200 1  @a超精致的黑白手绘基础教程@Achao jing zhi de hei bai shou hui ji chu jiao cheng@i花鸟绘@f付喜多等编著
210    @a北京@c电子工业出版社@d2020.4
215    @a188页@c图@d21cm
330    @a本书共四章: 基础篇、花卉篇、鸟儿篇、花鸟篇。主要介绍了花鸟的手绘技法。
606 0  @a黑白画@x花鸟画@x绘画技法
690    @aJ219@v5
701  0 @a付喜多@Afu xi duo@4编著
801    @aCN@b江苏凤凰@c20211018
905    @b1355975-8@dJ219@e1566@f4
    
    超精致的黑白手绘基础教程.花鸟绘/付喜多等编著.-北京:电子工业出版社,2020.4
    188页:图;21cm
    
    
    ISBN 978-7-121-38665-7:CNY69.00
    本书共四章: 基础篇、花卉篇、鸟儿篇、花鸟篇。主要介绍了花鸟的手绘技法。
●
相关链接 在E读中查询图书 在五车中查询图书 在当当中查询图书 在豆瓣中查询图书


正题名:超精致的黑白手绘基础教程     索取号:J219/1566         预约/预借

序号 登录号 条形码 馆藏地/架位号 状态 备注
1 1355975   213559754   第一样本阅览室/ [索取号:J219/1566] 在馆    
2 1355976   213559763   第一借阅区/ [索取号:J219/1566] 在馆    
3 1355977   213559772   第一借阅区/ [索取号:J219/1566] 在馆    
4 1355978   213559781   第一借阅区/ [索取号:J219/1566] 在馆    
唐山师范学院图书馆 欢迎您!
大连网信软件有限公司© 版权所有